000 00684cam a2200193 i 4500
005 20251123105427.0
008 250721s2006 jo gr 000 0 ara d
082 1 4 _a211.3
_bح م د
100 1 _aالحمد، غانم قدوري
_eمؤلف.
245 1 0 _aظواهر لغوية في القراءات القرآنية /
_cأ د. غانم قدوري الحمد.
250 _aالطبعة الأولى.
264 3 1 _aعمان :
_bدار عمار للنشر والتوزيع،
_c2006.
300 _a100 صفحة.
650 1 7 _aالقراءات.
650 1 7 _aالقرآن الكريم.
650 1 7 _aنحو القرآن.
942 _2ddc
_cBK
999 _c100882
_d100882